Fundamentals of Computers / (Record no. 5194)
[ view plain ]
| 000 -LEADER | |
|---|---|
| fixed length control field | 00580nam a22001937a 4500 |
| 003 - CONTROL NUMBER IDENTIFIER | |
| control field | BUBTL |
| 008 - FIXED-LENGTH DATA ELEMENTS--GENERAL INFORMATION | |
| fixed length control field | 160402b xxu||||| |||| 00| 0 eng d |
| 020 ## - INTERNATIONAL STANDARD BOOK NUMBER | |
| International Standard Book Number | 978-0-07-014160-5 |
| 082 ## - DEWEY DECIMAL CLASSIFICATION NUMBER | |
| Classification number | 004/ B181f/ 2009 |
| 100 ## - MAIN ENTRY--PERSONAL NAME | |
| 9 (RLIN) | 83 |
| Personal name | Balagurusamy, E. |
| 245 ## - TITLE STATEMENT | |
| Title | Fundamentals of Computers / |
| Statement of responsibility, etc. | E. Balagurusamy |
| 260 ## - PUBLICATION, DISTRIBUTION, ETC. (IMPRINT) | |
| Place of publication, distribution, etc. | New Delhi : |
| Name of publisher, distributor, etc. | McGraw Hill Education, |
| Date of publication, distribution, etc. | c2009. |
| 300 ## - PHYSICAL DESCRIPTION | |
| Extent | xx,475 p.: |
| Other physical details | ill. ; |
| Dimensions | 24 cm |
| 650 #0 - SUBJECT ADDED ENTRY--TOPICAL TERM | |
| 9 (RLIN) | 457 |
| Topical term or geographic name as entry element | Computer Science |
| 700 ## - ADDED ENTRY--PERSONAL NAME | |
| 9 (RLIN) | 83 |
| Personal name | Balagurusamy, E. |
| 856 ## - ELECTRONIC LOCATION AND ACCESS | |
| Password | 0 |
| Logon | 0 |
| Link text | Download |
| 942 ## - ADDED ENTRY ELEMENTS (KOHA) | |
| Source of classification or shelving scheme | |
| Koha item type | Books |
| Withdrawn status | Lost status | Source of classification or shelving scheme | Damaged status | Not for loan | Collection code | Permanent location | Current location | Shelving location | Date acquired | Source of acquisition | Inventory number | Total Checkouts | Full call number | Barcode | Date last seen | Copy number | Price effective from | Koha item type | Date last checked out |
|---|---|---|---|---|---|---|---|---|---|---|---|---|---|---|---|---|---|---|---|
| Not For Loan | Non-fiction | Bangladesh University of Business and Technology Library | Bangladesh University of Business and Technology Library | Computer Science Stacks | 09/11/2014 | Purchase | 18446 | 004 / B181f | BUBTL-200318446 | 04/02/2016 | C-1 | 04/02/2016 | Books | ||||||
| Non-fiction | Bangladesh University of Business and Technology Library | Bangladesh University of Business and Technology Library | Computer Science Stacks | 09/11/2014 | Purchase | 18447 | 1 | 004/ B181f/ 2009 | BUBTL-200318447 | 03/22/2023 | C-2 | 04/02/2016 | Books | 03/05/2023 | |||||
| Not For Loan | Non-fiction | Bangladesh University of Business and Technology Library | Bangladesh University of Business and Technology Library | Computer Science Stacks | 11/23/2014 | Purchase | 19779 | 004 / B181f | BUBTL-200319779 | 04/02/2016 | C-3 | 04/02/2016 | Books |
